header

Motivational management (Record no. 9306)

MARC details
000 -LEADER
fixed length control field 01621nam a2200325Ia 4500
001 - CONTROL NUMBER
control field ebr10020631
003 - CONTROL NUMBER IDENTIFIER
control field CaPaEBR
006 - FIXED-LENGTH DATA ELEMENTS--ADDITIONAL MATERIAL CHARACTERISTICS--GENERAL INFORMATION
fixed length control field m u
007 - PHYSICAL DESCRIPTION FIXED FIELD--GENERAL INFORMATION
fixed length control field cr cn|||||||||
008 - FIXED-LENGTH DATA ELEMENTS--GENERAL INFORMATION
fixed length control field 020509s2003 nyua sb 001 0 eng d
010 ## - LIBRARY OF CONGRESS CONTROL NUMBER
Canceled/invalid LC control number 2002007305
020 ## - INTERNATIONAL STANDARD BOOK NUMBER
Cancelled/invalid ISBN 9780814426821
Cancelled/invalid ISBN 0814407382
040 ## - CATALOGING SOURCE
Original cataloging agency CaPaEBR
Transcribing agency CaPaEBR
035 ## - SYSTEM CONTROL NUMBER
System control number (OCoLC)52238599
050 14 - LIBRARY OF CONGRESS CALL NUMBER
Classification number HF5549.5.M63
Item number H52 2003eb
082 04 - DEWEY DECIMAL CLASSIFICATION NUMBER
Classification number 658.3/14
Edition number 21
100 1# - MAIN ENTRY--PERSONAL NAME
Personal name Hiam, Alexander.
245 10 - TITLE STATEMENT
Title Motivational management
Medium [electronic resource] :
Remainder of title inspiring your people for maximum performance /
Statement of responsibility, etc Alexander Hiam.
260 ## - PUBLICATION, DISTRIBUTION, ETC. (IMPRINT)
Place of publication, distribution, etc New York ;
-- London :
Name of publisher, distributor, etc AMACOM,
Date of publication, distribution, etc c2003.
300 ## - PHYSICAL DESCRIPTION
Extent ix, 276 p. :
Other physical details ill.
504 ## - BIBLIOGRAPHY, ETC. NOTE
Bibliography, etc Includes bibliographical references and index.
505 0# - FORMATTED CONTENTS NOTE
Formatted contents note The quest for star performers -- Creating a positive performance environment -- Rethinking management communications -- Using motivational communication techniques -- Tackling the feelings that drive performance -- Providing challenging opportunities -- Using feedback to motivate -- Eliminating contaminants -- Transforming negative attitudes -- Appealing to individual motives -- Using recognition and rewards.
533 ## - REPRODUCTION NOTE
Type of reproduction Electronic reproduction.
Place of reproduction Palo Alto, Calif. :
Agency responsible for reproduction ebrary,
Date of reproduction 2013.
Note about reproduction Available via World Wide Web.
-- Access may be limited to ebrary affiliated libraries.
650 #0 - SUBJECT ADDED ENTRY--TOPICAL TERM
Topical term or geographic name as entry element Employee motivation.
Topical term or geographic name as entry element Personnel management.
655 #7 - INDEX TERM--GENRE/FORM
Genre/form data or focus term Electronic books.
Source of term local
710 2# - ADDED ENTRY--CORPORATE NAME
Corporate name or jurisdiction name as entry element ebrary, Inc.
856 40 - ELECTRONIC LOCATION AND ACCESS
Uniform Resource Identifier <a href="http://site.ebrary.com/lib/rucke/Doc?id=10020631">http://site.ebrary.com/lib/rucke/Doc?id=10020631</a>
Public note An electronic book accessible through the World Wide Web; click to view

No items available.

© 2026 Rongo University
Contact us: librarian | system librarian | Rongo university